<?xml version="1.0" encoding="UTF-8"?>
<collection xmlns="http://www.loc.gov/MARC21/slim">
 <record>
  <leader>02453cam a2200577   4500</leader>
  <controlfield tag="001">48474836X</controlfield>
  <controlfield tag="003">DE-627</controlfield>
  <controlfield tag="005">20240316183343.0</controlfield>
  <controlfield tag="007">tu</controlfield>
  <controlfield tag="008">050427s2003    ne |||||      00| ||dut c</controlfield>
  <datafield tag="020" ind1=" " ind2=" ">
   <subfield code="a">9075616074</subfield>
   <subfield code="9">90-75616-07-4</subfield>
  </datafield>
  <datafield tag="035" ind1=" " ind2=" ">
   <subfield code="a">(DE-627)48474836X</subfield>
  </datafield>
  <datafield tag="035" ind1=" " ind2=" ">
   <subfield code="a">(DE-576)114749957</subfield>
  </datafield>
  <datafield tag="035" ind1=" " ind2=" ">
   <subfield code="a">(DE-599)GBV48474836X</subfield>
  </datafield>
  <datafield tag="035" ind1=" " ind2=" ">
   <subfield code="a">(OCoLC)835681353</subfield>
  </datafield>
  <datafield tag="035" ind1=" " ind2=" ">
   <subfield code="a">(OCoLC)66998573</subfield>
  </datafield>
  <datafield tag="035" ind1=" " ind2=" ">
   <subfield code="a">(OCoLC)1078730426</subfield>
  </datafield>
  <datafield tag="040" ind1=" " ind2=" ">
   <subfield code="a">DE-627</subfield>
   <subfield code="b">ger</subfield>
   <subfield code="c">DE-627</subfield>
   <subfield code="e">rakwb</subfield>
  </datafield>
  <datafield tag="041" ind1=" " ind2=" ">
   <subfield code="a">dut</subfield>
   <subfield code="a">fre</subfield>
   <subfield code="a">ger</subfield>
  </datafield>
  <datafield tag="044" ind1=" " ind2=" ">
   <subfield code="c">XA-NL</subfield>
  </datafield>
  <datafield tag="084" ind1=" " ind2=" ">
   <subfield code="a">9,10</subfield>
   <subfield code="2">ssgn</subfield>
  </datafield>
  <datafield tag="245" ind1="1" ind2="0">
   <subfield code="a">Abdijmolens tussen Rijn en Schelde</subfield>
   <subfield code="b"> = Moulins abbatiaux entre Rhin et Escaut</subfield>
   <subfield code="c">samenstelling en red.: Thomas Coomans</subfield>
  </datafield>
  <datafield tag="246" ind1="3" ind2="1">
   <subfield code="a">Moulins abbatiaux entre Rhin et Escaut</subfield>
  </datafield>
  <datafield tag="246" ind1="3" ind2="3">
   <subfield code="a">Moulins abbatiaux entre Rhin et Escaut</subfield>
  </datafield>
  <datafield tag="246" ind1="3" ind2="3">
   <subfield code="a">Abteimühlen zwischen Rhein und Schelde</subfield>
  </datafield>
  <datafield tag="264" ind1=" " ind2="1">
   <subfield code="a">Utrecht</subfield>
   <subfield code="b">Clavis Stichting Publicaties Middeleeuwse Kunst</subfield>
   <subfield code="c">2003</subfield>
  </datafield>
  <datafield tag="300" ind1=" " ind2=" ">
   <subfield code="a">136 S</subfield>
   <subfield code="b">Ill., Kt</subfield>
  </datafield>
  <datafield tag="336" ind1=" " ind2=" ">
   <subfield code="a">Text</subfield>
   <subfield code="b">txt</subfield>
   <subfield code="2">rdacontent</subfield>
  </datafield>
  <datafield tag="337" ind1=" " ind2=" ">
   <subfield code="a">ohne Hilfsmittel zu benutzen</subfield>
   <subfield code="b">n</subfield>
   <subfield code="2">rdamedia</subfield>
  </datafield>
  <datafield tag="338" ind1=" " ind2=" ">
   <subfield code="a">Band</subfield>
   <subfield code="b">nc</subfield>
   <subfield code="2">rdacarrier</subfield>
  </datafield>
  <datafield tag="490" ind1="1" ind2=" ">
   <subfield code="a">Clavis kunsthistorische monografiee͏̈n</subfield>
   <subfield code="v">19</subfield>
  </datafield>
  <datafield tag="500" ind1=" " ind2=" ">
   <subfield code="a">Text in niederlaend., franz. u. dt. Sprache</subfield>
  </datafield>
  <datafield tag="546" ind1=" " ind2=" ">
   <subfield code="a">Text niederländ., franz. u. dt.</subfield>
  </datafield>
  <datafield tag="583" ind1="1" ind2=" ">
   <subfield code="a">Archivierung prüfen</subfield>
   <subfield code="c">20200919</subfield>
   <subfield code="f">DE-640</subfield>
   <subfield code="z">1</subfield>
   <subfield code="2">pdager</subfield>
  </datafield>
  <datafield tag="583" ind1="1" ind2=" ">
   <subfield code="a">Archivierung/Langzeitarchivierung gewährleistet</subfield>
   <subfield code="f">SSG</subfield>
   <subfield code="x">XA-DE-BW</subfield>
   <subfield code="2">pdager</subfield>
   <subfield code="5">DE-16</subfield>
  </datafield>
  <datafield tag="689" ind1="0" ind2="0">
   <subfield code="d">g</subfield>
   <subfield code="0">(DE-588)4594096-4</subfield>
   <subfield code="0">(DE-627)326072187</subfield>
   <subfield code="0">(DE-576)214062244</subfield>
   <subfield code="a">Rhein-Maas-Schelde-Gebiet</subfield>
   <subfield code="2">gnd</subfield>
  </datafield>
  <datafield tag="689" ind1="0" ind2="1">
   <subfield code="d">s</subfield>
   <subfield code="0">(DE-588)4031225-2</subfield>
   <subfield code="0">(DE-627)104529539</subfield>
   <subfield code="0">(DE-576)208991239</subfield>
   <subfield code="a">Kloster</subfield>
   <subfield code="2">gnd</subfield>
  </datafield>
  <datafield tag="689" ind1="0" ind2="2">
   <subfield code="d">s</subfield>
   <subfield code="0">(DE-588)4064760-2</subfield>
   <subfield code="0">(DE-627)106122207</subfield>
   <subfield code="0">(DE-576)209155086</subfield>
   <subfield code="a">Wassermühle</subfield>
   <subfield code="2">gnd</subfield>
  </datafield>
  <datafield tag="689" ind1="0" ind2="3">
   <subfield code="a">z</subfield>
   <subfield code="2">gnd</subfield>
   <subfield code="a">Geschichte</subfield>
  </datafield>
  <datafield tag="689" ind1="0" ind2=" ">
   <subfield code="5">(DE-627)</subfield>
  </datafield>
  <datafield tag="700" ind1="1" ind2=" ">
   <subfield code="a">Coomans, Thomas</subfield>
   <subfield code="d">1962-</subfield>
   <subfield code="e">Hrsg.</subfield>
   <subfield code="0">(DE-588)18840130X</subfield>
   <subfield code="0">(DE-627)675638518</subfield>
   <subfield code="0">(DE-576)167587889</subfield>
   <subfield code="4">edt</subfield>
  </datafield>
  <datafield tag="787" ind1="0" ind2="8">
   <subfield code="i">Rezensiert in</subfield>
   <subfield code="a">Hartog, Elizabeth den, 1962 - </subfield>
   <subfield code="t">[Rezension von: Thomas Coomans (ed.), Abdijmolens tussen Rijn en Schelde]</subfield>
   <subfield code="d">Regensburg : Schnell und Steiner, 2004</subfield>
   <subfield code="w">(DE-627)1552252450</subfield>
   <subfield code="w">(DE-576)482252456</subfield>
  </datafield>
  <datafield tag="830" ind1=" " ind2="0">
   <subfield code="a">Clavis kunsthistorische monografieen</subfield>
   <subfield code="v">19</subfield>
   <subfield code="9">19</subfield>
   <subfield code="w">(DE-627)129640972</subfield>
   <subfield code="w">(DE-576)013536141</subfield>
   <subfield code="w">(DE-600)252326-7</subfield>
   <subfield code="7">ns</subfield>
  </datafield>
  <datafield tag="935" ind1=" " ind2=" ">
   <subfield code="i">Blocktest</subfield>
  </datafield>
  <datafield tag="951" ind1=" " ind2=" ">
   <subfield code="a">BO</subfield>
  </datafield>
  <datafield tag="990" ind1=" " ind2=" ">
   <subfield code="a">Rhein-Maas-Schelde-Gebiet</subfield>
  </datafield>
  <datafield tag="990" ind1=" " ind2=" ">
   <subfield code="a">Kloster</subfield>
  </datafield>
  <datafield tag="990" ind1=" " ind2=" ">
   <subfield code="a">Wassermühle</subfield>
  </datafield>
  <datafield tag="990" ind1=" " ind2=" ">
   <subfield code="a">Geschichte</subfield>
  </datafield>
  <datafield tag="991" ind1=" " ind2=" ">
   <subfield code="a">Rezensiertes Werk</subfield>
  </datafield>
  <datafield tag="999" ind1=" " ind2=" ">
   <subfield code="a">KXP-PPN48474836X</subfield>
   <subfield code="e">413208812X</subfield>
  </datafield>
 </record>
</collection>
